<?xml version="1.0" encoding="UTF-8"?>
<record
    xmlns:xsi="http://www.w3.org/2001/XMLSchema-instance"
    xsi:schemaLocation="http://www.loc.gov/MARC21/slim http://www.loc.gov/standards/marcxml/schema/MARC21slim.xsd"
    xmlns="http://www.loc.gov/MARC21/slim">

  <leader>00861nam a22002537i 4500</leader>
  <controlfield tag="001">4841</controlfield>
  <controlfield tag="003">OSt</controlfield>
  <controlfield tag="005">20170825133349.0</controlfield>
  <controlfield tag="007">tu</controlfield>
  <controlfield tag="008">161220s2000    xxu|||||||||||00||0|eng|d</controlfield>
  <datafield tag="022" ind1=" " ind2=" ">
    <subfield code="a">0256-6877</subfield>
  </datafield>
  <datafield tag="024" ind1="7" ind2=" ">
    <subfield code="a">4841</subfield>
    <subfield code="2">RID</subfield>
  </datafield>
  <datafield tag="024" ind1="7" ind2=" ">
    <subfield code="a">4841</subfield>
    <subfield code="2">RSN (alt)</subfield>
  </datafield>
  <datafield tag="040" ind1=" " ind2=" ">
    <subfield code="c">OSt</subfield>
  </datafield>
  <datafield tag="084" ind1=" " ind2=" ">
    <subfield code="a">3.71</subfield>
    <subfield code="a">11.431</subfield>
    <subfield code="2">z</subfield>
  </datafield>
  <datafield tag="245" ind1="0" ind2="0">
    <subfield code="a">World Economic Outlook Oct. 2000</subfield>
    <subfield code="b">Focus on Transition Economies</subfield>
  </datafield>
  <datafield tag="260" ind1=" " ind2=" ">
    <subfield code="a">Washington,</subfield>
    <subfield code="c">2000.</subfield>
  </datafield>
  <datafield tag="300" ind1=" " ind2=" ">
    <subfield code="a">282 S. :</subfield>
    <subfield code="b">Tab. ;</subfield>
    <subfield code="c">30cm.</subfield>
  </datafield>
  <datafield tag="490" ind1=" " ind2=" ">
    <subfield code="a">World Economic Outlook</subfield>
    <subfield code="v">Oct. 2000</subfield>
  </datafield>
  <datafield tag="520" ind1=" " ind2=" ">
    <subfield code="a">With a special chapter on: Accession of Transition Economies to the European Union: Prospects and Pressures</subfield>
  </datafield>
  <datafield tag="710" ind1="2" ind2=" ">
    <subfield code="a">International Monetary Fund (IMF)</subfield>
  </datafield>
  <datafield tag="942" ind1=" " ind2=" ">
    <subfield code="c">B</subfield>
  </datafield>
  <datafield tag="999" ind1=" " ind2=" ">
    <subfield code="c">4717</subfield>
    <subfield code="d">4717</subfield>
  </datafield>
  <datafield tag="952" ind1=" " ind2=" ">
    <subfield code="0">0</subfield>
    <subfield code="1">0</subfield>
    <subfield code="4">0</subfield>
    <subfield code="7">0</subfield>
    <subfield code="a">BIB</subfield>
    <subfield code="b">BIB</subfield>
    <subfield code="c">1</subfield>
    <subfield code="d">2001-02-06</subfield>
    <subfield code="i">4841</subfield>
    <subfield code="l">0</subfield>
    <subfield code="o">3.440/2000-Oct.</subfield>
    <subfield code="p">10000168</subfield>
    <subfield code="r">2017-01-26 00:00:00</subfield>
    <subfield code="w">2017-01-26</subfield>
    <subfield code="y">B</subfield>
  </datafield>
</record>
